00597nam a2200181 a 4500001000200000003000900002005001700011008003100028040002200059082002900081100003900110245008600149260004300235300002100278586006400299650002200363650003000385 DO-SdBNP20220429121141.0110414s1984 dr 000 0 spa d aBPMSUbspacBPMSU aRD863.44bV443b 19842221 aVeloz Maggiolo, Marcio d1936-202110aLa biografía difusa de Sombra Castañeda b:(novela) / cMarcio Veloz Maggiolo aSanto Domingo :bEditora Taller,c1984 a214 p. ;c22 cm. aPremio Nacional de Novela 1981 de la República Dominicna  4aNovela dominicana 4aLiteratura dominicana x